000
00413nam a22001217a 4500
040
_c
RUA
082
_a
RUA NGO 2010 C217 Or.
100
_a
បណ្ឌិត ង៉ោ ប៊ុនថាន
245
_a
ធនធានមនុស្សសាកលវិទ្យាភូមិន្ទកសិកម្ម២០០៧-២០០៩
260
_a
phnom penh
_b
rua
_c
2009
300
_b
ill.
_c
29cm.
942
_c
RE
999
_c
22541
_d
22541